Library of the University of Algiers 3
Ibrahim Sultan Cheibout
شعار جامعة الجزائر 3
مكتبة جامعة الجزائر 3
إبراهيم سلطان شيبوط

محاضرات في مقياس المسؤولية الاجتماعية لمنظمات الأعمال : (رقم التسجيلة. 41428)

تفاصيل مارك
000 -LEADER
fixed length control field 02231nam a2200229Ia 4500
003 - CONTROL NUMBER IDENTIFIER
control field Ost
005 - DATE AND TIME OF LATEST TRANSACTION
control field 20260416102401.0
008 - FIXED-LENGTH DATA ELEMENTS--GENERAL INFORMATION
fixed length control field 260416s9999||||xx |||||||||||||| ||und||
040 ## - CATALOGING SOURCE
Transcribing agency fsecg
041 ## - LANGUAGE CODE
Language code of text/sound track or separate title ara
082 ## - DEWEY DECIMAL CLASSIFICATION NUMBER
Classification number 301.11
100 ## - MAIN ENTRY--PERSONAL NAME
Personal name إيزيتي، خديجة
Relator term مؤلف
245 #0 - TITLE STATEMENT
Title محاضرات في مقياس المسؤولية الاجتماعية لمنظمات الأعمال :
Remainder of title مطبوعة موجهة لطلبة السسنة الأولى ماستر تخصص ادارة الاعمال قسم علوم التسيير /
Statement of responsibility, etc. خديجة إيزيتي
260 ## - PUBLICATION, DISTRIBUTION, ETC.
Place of publication, distribution, etc. الجزائر
Name of publisher, distributor, etc. جامعة الجزائر3: كلية العلوم الإقتصادية، العلوم التجارية وعلوم التسيير
Date of publication, distribution, etc. 2023
300 ## - PHYSICAL DESCRIPTION
Extent 122 ورقة
Other physical details ايضاحات
Dimensions 12 سم
504 ## - BIBLIOGRAPHY, ETC. NOTE
Bibliography, etc. note مراجع ص.108
520 ## - SUMMARY, ETC.
Summary, etc. الاطار المفاهيمي لبيئة الاعمال،الاطار المفاهيمي لمنظمات الاعمال،لمحة تاريخية حول نشأة وتطور المسؤولية الاجتماعية،لمحة تاريخية حول نشأة وتطور المسؤولية الاجتماعية،مواصفات ISO26000 للمسؤولية الاجتماعية،المسؤولية الاجتماعية ووظيفة الإنتاج والتسويق،المسؤولية الاجتماعية ووظيفة إدارة الموارد البشرية والمالية،المسؤولية البيئية لمنظمات الاعمال،المسؤولية الأخلاقية لمنظمات الاعمال،الاطار المفاهيمي لمحاسبة المسؤولية الاجتماعية،اتجاهات ومداخل محاسبة المسؤولية الاجتماعية،الإطار المفاهيمي لقياس الأداء الاجتماعي لمنظمات الاعمال،الإطار المفاهيمي للإفصاح عن الأداء الاجتماعي المفاهيمي لمنظمات الاعمال.
653 ## - INDEX TERM--UNCONTROLLED
Uncontrolled term المسؤولية الاجتماعية
653 ## - INDEX TERM--UNCONTROLLED
Uncontrolled term منظمات الأعمال
710 ## - ADDED ENTRY--CORPORATE NAME
Corporate name or jurisdiction name as entry element جامعة الجزائر3: كلية العلوم الإقتصادية، العلوم التجارية وعلوم التسيير
Relator term ناشر علمي
942 ## - ADDED ENTRY ELEMENTS (KOHA)
Koha item type مطبوعات
المقتنيات
Withdrawn status Lost status Source of classification or shelving scheme Damaged status Not for loan Home library Current library Date acquired Serial enumeration / chronology Inventory number Total checkouts Full call number Barcode Date last seen Price effective from Koha item type
    Dewey Decimal Classification   NOT LOAN / إعارة داخلية مكتبة كلية العلوم الإقتصادية والعلوم التجارية وعلوم التسيير مكتبة كلية العلوم الإقتصادية والعلوم التجارية وعلوم التسيير 16/04/2026 الطابق الثاني مط.851-1   مط.851 ن1 مط.851-1 16/04/2026 16/04/2026 مطبوعات

موارد الويب المفتوحة


© University of Algiers 3 All Rights Reserved
|
Implemented by LECHELAH Riad